000 01176nabaa22002297a 4500
999 _c6186
_d6186
003 OSt
005 20260125004918.0
008 190701b xxu||||| |||| 00| 0 spa d
040 _cPJ
100 _96927
_aSundblad, Juan José
245 1 0 _aAcerca de los sujetos obligados de la ley 27.275 de acceso a la información pública :
_b¿se limitan sus obligaciones a la entrega de la información? /
_cJuan José Sundblad.
300 _ap. 169
500 _aCita: TR LALEY AR/DOC/1645/2024
505 _a Sumario: I. Introducción.— II. Antecedentes fácticos.— III. Análisis de la cuestión.— IV. Conclusión.
505 _aFallo comentado: CNFed. Contenciosoadministrativo ~ sala V, 24/10/2023 ~ Rodríguez, Gonzalo Martín c. INDEC (ley 17.622) s/ amparo ley 16.986.
505 _t¿Te interesa el texto completo? Comunicate al correo: koha@justierradelfuego.gov.ar
650 0 _9211
_aDERECHO ADMINISTRATIVO
650 0 _aACCESO A LA INFORMACIÓN PÚBLICA
_95529
650 0 _aJURISPRUDENCIA APLICABLE
_91057
773 0 _02842
_93251
_dBuenos Aires : AbeledoPerrot, 2012-
_oDA121
_tDerecho administrativo. Nº 154 julio/agosto 2024
_z18510590
942 _2udc
_cANA